| 000 | 00635nam a2200241Ia 4500 | ||
|---|---|---|---|
| 003 | OSt | ||
| 005 | 20220918105442.0 | ||
| 006 | a|||||r|||| 00| 0 | ||
| 007 | ta | ||
| 008 | 220915b |||||||| |||| 00| 0 eng d | ||
| 024 | _a96808 | ||
| 037 | _cReference Collections | ||
| 040 |
_aARTS _cARTS _beng |
||
| 041 |
_2eng _aeng |
||
| 082 | _aU8.596.3A, L8(RR) | ||
| 100 |
_aKroon B _91486 |
||
| 245 | 0 | _aGlory of Amsterdam an explorer's guide | |
| 260 | _c1975 | ||
| 300 | _a127p. | ||
| 650 | _aGEOGRAPHY | ||
| 942 |
_hU8.596.3A, L8(RR) _cREF |
||
| 999 |
_c107386 _d107386 |
||